02631nkc a2200373za 450000100060000000300040000600500170001000700070002700800410003404000240007510000410009924500320014026000240017230001000019650003050029650001930060150000650079450001340085950001690099350400520116250500320121451001510124651002100139756101310160761000560173865100260179465500400182070000600186085200120192085601500193294200250208295201330210799900170224084523OSt20260323085735.0kh boc250410s19101911sp ||||| ||||||0| i|spa d aM-RABAbspacM-RABA1 aElorza, Lorenzod(1861-1931)911106810aLegardab: Iglesiac/ L. E. c[ca. 1910 – 1911] a1 fotografíab: gelatina de platac; imagen 16,5 x 12 cmc; soporte secundario 26,5 x 21,5 cm aVista general de la iglesia parroquial de San Andrés Apóstol en Legarda. De su estructura compacta destaca la torre, de planta cuadrada, construida en mampostería y sillarejo en las esquinas, con dobles vanos en cada cara. Junto a una de las fachadas figura Federico Baraibar con tres hombres.  aFotografía montada sobre soporte secundario de cartulina azul enmarcada con orla en relieve. Título y numeración manuscrita que hace referencia a la posición en la serie “104”. aSello con monograma del fotógrafo en tinta roja “L.E.” aFechas tomadas de la ejecución del positivo de las fotografías, incluido el soporte secundario. (Soto Madrazo, Javier. 2008). aForma parte de un conjunto de 167 fotografías empleadas por Federico Baráibar Zumárraga para la elaboración del Inventario del Románico en Álava (1911). aBaraibar, F.: "Rincones artísticos", M. 1914. aLegarda.- Iglesia. / L. E.  aDescripción tomada de: Soto Madrazo, Javier (2008). Federico Baraibar y el Inventario del Románico en Álava: una caja con 167 fotografías. aEsta colección fue utilizada posteriormente por Cristóbal de Castro para la elaboración y publicación del "Catálogo Monumental de España: provincia de Álava", Madrid, S. de Rivadeneira, 1915. aDonadas junto con la memoria manuscrita a la Academia por el mismo Baraibar (Sesión 12 de febrero de 1912, Archivo: 4-32-1).27aIglesia de San Andrés Apóstol (Legarda)9111632 7aÁlava2embne975661 0aFotografías de monumentos91115801 aBaráibar y Zumárraga, Federico d(1851-1918)912926 jFot-213 3Fot-213uhttps://archivoybiblioteca.realacademiabellasartessanfernando.com/cgi-bin/koha/opac-retrieve-file.pl?id=a982f73b91b1d843a1a8231ea8ddbeb9 2ddccFOTOGRAFÍAn0 00102ddc40708FOTOGRAFIAaRABASFbRABASFcDP2d2025-04-22l0oFot-213p1095402r2025-04-22 11:29:08w2025-04-22yFOTOGRAFÍA c84523d84523